[Event "22OPENSETTIMANALE"]
[Site "?"]
[Date "2019.12.05"]
[Round "6"]
[White "RENZI, ALESSIO."]
[Black "ROBERTI, BRUNO."]
[Result "1-0"]
[WhiteElo "1739"]
[BlackElo "1889"]
[PlyCount "163"]
[SourceDate "2019.11.19"]

1. e4 c5 2. Nf3 e6 3. d4 cxd4 4. Nxd4 Nc6 5. Be3 Nf6 6. Nc3 Bb4 7. Bd3 d5 8.
Nxc6 bxc6 9. Bd2 O-O 10. exd5 cxd5 11. O-O Bd7 12. Qf3 Qb6 13. Bg5 Be7 14. Qh3
e5 15. Nxd5 Bxh3 16. Nxb6 axb6 17. gxh3 Nd5 18. Bxe7 Nxe7 19. Rfe1 Nc6 20. Be4
Rac8 21. Bxc6 Rxc6 22. Rxe5 Rxc2 23. Rb5 Rc6 24. Rd1 Re8 25. Kf1 Kf8 26. Rbd5
Rc2 27. R5d2 Rc6 28. Rd6 Re6 29. Rxc6 Rxc6 30. Ke2 Ke7 31. Rd3 Rc2+ 32. Rd2 Rc6
33. b3 Rc3 34. f3 f6 35. Kf2 g6 36. Kg3 h5 37. h4 Re3 38. Rd5 Rc3 39. Rb5 Rc6
40. Kf4 Kd6 41. Rb4 Kd5 42. a4 Re6 43. Rc4 Re2 44. Kg3 Re3 45. Rb4 Kc5 46. Rb5+
Kc6 47. Rb4 Kc5 48. Rb5+ Kc6 49. h3 Rd3 50. Kf4 Rd4+ 51. Kg3 Rd3 52. Rb4 Rd5
53. Rf4 Rd6 54. Rc4+ Kd7 55. b4 Rd5 56. b5 Ke6 57. Kf4 Rd6 58. Ke4 Rd1 59. Rc6+
Rd6 60. Rxd6+ Kxd6 61. Kd4 g5 62. hxg5 fxg5 63. Ke4 Ke6 64. f4 gxf4 65. Kxf4
Kd6 66. Kg5 Kc5 67. Kxh5 Kb4 68. Kg5 Kxa4 69. h4 Kxb5 70. h5 Ka4 71. h6 b5 72.
h7 b4 73. h8=Q Ka3 74. Qa1+ Kb3 75. Kf4 Kc2 76. Qa2+ Kc3 77. Qa1+ Kc2 78. Qa2+
Kc3 79. Qb1 b3 80. Ke3 b2 81. Ke2 Kb3 82. Kd2 1-0

[Event "22OPENSETTIMANALE"]
[Site "?"]
[Date "2019.12.05"]
[Round "6"]
[White "NASCA, ANDREA."]
[Black "GENSABELLA, PAOLO."]
[Result "1-0"]
[WhiteElo "1582"]
[BlackElo "1739"]
[PlyCount "91"]
[SourceDate "2019.11.19"]

1. d4 Nf6 2. c4 g6 3. Nc3 Bg7 4. e4 d6 5. Nge2 O-O 6. Ng3 c6 7. Be2 e5 8. d5
cxd5 9. cxd5 Bd7 10. Qb3 b6 11. Bd2 h5 12. f3 h4 13. Nf1 Nh5 14. Nb5 Bxb5 15.
Bxb5 Nd7 16. Bc6 Rc8 17. Qa4 Rc7 18. b4 Nf4 19. Ne3 Nb8 20. b5 Qg5 21. Rg1 Qe7
22. Qa3 Nd7 23. g3 Nh5 24. Nc2 Nc5 25. Nb4 Qf6 26. Qe3 Qe7 27. Ke2 Qf6 28. Qg5
Qxg5 29. Bxg5 hxg3 30. hxg3 Bf6 31. Bd2 Bg7 32. Nd3 Nxd3 33. Kxd3 Bf6 34. a4
Be7 35. a5 f5 36. axb6 fxe4+ 37. fxe4 axb6 38. Ke2 Nf6 39. Ra4 Ng4 40. Rf1 Rxf1
41. Kxf1 Kg7 42. Ra6 Bd8 43. Ra8 Rf7+ 44. Kg1 Be7 45. Ra7 Nf2 46. Be8 1-0

[Event "22OPENSETTIMANALE"]
[Site "?"]
[Date "2019.12.05"]
[Round "6"]
[White "GIUSEPPONI, FERRUCCIO."]
[Black "RACCAH, ASCER."]
[Result "0-1"]
[WhiteElo "1413"]
[BlackElo "1549"]
[PlyCount "82"]
[SourceDate "2019.11.19"]

1. e4 e5 2. f4 d5 3. exd5 e4 4. d3 Nf6 5. dxe4 Nxe4 6. Nf3 Bc5 7. Bc4 Bf2+ 8.
Kf1 Bc5 9. Qe2 O-O 10. Qxe4 Re8 11. Qd3 Bg4 12. Ne5 Bh5 13. Nc3 a6 14. Bd2 b5
15. Bb3 Bd6 16. Re1 Bxe5 17. Rxe5 Rxe5 18. fxe5 Bg6 19. Qf3 c5 20. a4 c4 21.
Ba2 Bxc2 22. d6 Bd3+ 23. Kf2 Nd7 24. Re1 b4 25. Nd5 Rb8 26. Bxb4 Qh4+ 27. g3
Qd4+ 28. Kg2 Nxe5 29. Ne7+ Kh8 30. Rxe5 Qxe5 31. Nc6 Qxb2+ 32. Qf2 Be4+ 33. Kg1
Qxf2+ 34. Kxf2 Bxc6 35. Bc3 Bxa4 36. Be5 f6 37. Bd4 Bb5 38. Bb1 Kg8 39. Bf5 Kf7
40. d7 Bxd7 41. Bxd7 Rd8 0-1

[Event "22OPENSETTIMANALE"]
[Site "?"]
[Date "2019.12.05"]
[Round "6"]
[White "TAMBURRINI, ANDREA."]
[Black "MARTINO, MAURIZIO."]
[Result "0-1"]
[WhiteElo "1238"]
[BlackElo "1317"]
[PlyCount "74"]
[SourceDate "2019.11.19"]

1. e4 c5 2. Nf3 d6 3. d4 cxd4 4. Nxd4 Nf6 5. Nc3 a6 6. Be2 e5 7. Nb3 Be6 8. O-O
g6 9. Be3 Bg7 10. Bf3 O-O 11. Qd2 Qc7 12. Rad1 Rd8 13. Rfe1 Nc6 14. Bg5 Ne7 15.
Nd5 Nfxd5 16. exd5 Bc8 17. Bxe7 Qxe7 18. h3 f5 19. g4 Qh4 20. gxf5 gxf5 21. Bg2
f4 22. Qd3 Rf8 23. Qf3 Bf5 24. Nd2 Rf6 25. Ne4 Rg6 26. Kh2 Bh6 27. Rg1 Kh8 28.
Bf1 Rag8 29. Rxg6 Rxg6 30. Bg2 Bxe4 31. Qxe4 Qxf2 32. Rg1 Rg3 33. Kh1 f3 34.
Qe1 fxg2+ 35. Kh2 Qxe1 36. Rxe1 Bf4 37. Rg1 Rg5# 0-1

[Event "22OPENSETTIMANALE"]
[Site "?"]
[Date "2019.12.05"]
[Round "6"]
[White "COSTANTINI, CLAUDIO."]
[Black "DURANTINI, FRANCESCO."]
[Result "1-0"]
[WhiteElo "1440"]
[BlackElo "1499"]
[PlyCount "79"]
[SourceDate "2019.11.19"]

1. d4 d5 2. c4 e6 3. Nf3 Nf6 4. g3 c6 5. Bg2 Nbd7 6. O-O Be7 7. b3 O-O 8. Bb2
Qc7 9. Nbd2 b6 10. Rc1 Bb7 11. cxd5 exd5 12. e3 Qd6 13. Ne5 Rac8 14. Ndf3 h6
15. Rc2 Rfe8 16. Qd3 Qe6 17. Rfc1 Nb8 18. Qf1 a5 19. Bh3 Qd6 20. Bxc8 Rxc8 21.
Qh3 Na6 22. Nxc6 Bf8 23. Ne7+ Qxe7 24. Rxc8 Bxc8 25. Qxc8 Nb4 26. Ba3 Qe4 27.
Bxb4 axb4 28. Ne5 g5 29. Qc2 Bd6 30. Qxe4 Nxe4 31. Nd7 Nc3 32. Rc2 f5 33. Nxb6
Kf7 34. Na4 Nxa4 35. bxa4 Ke7 36. Kg2 Kd7 37. a5 Bc7 38. a6 Bb6 39. Kf3 h5 40.
h4 1-0

[Event "22OPENSETTIMANALE"]
[Site "?"]
[Date "2019.12.05"]
[Round "6"]
[White "ARCERI, PAOLO."]
[Black "DE CATALDO, ANTONIO."]
[Result "0-1"]
[WhiteElo "1554"]
[BlackElo "1229"]
[PlyCount "64"]
[SourceDate "2019.11.19"]

1. e4 e5 2. Nf3 Nc6 3. Bc4 d6 4. d3 Bg4 5. h3 Be6 6. Bxe6 fxe6 7. Ng5 Qf6 8.
Qg4 Nd8 9. f4 exf4 10. Rf1 e5 11. Nc3 h5 12. Qf5 Qxf5 13. exf5 Nf6 14. Nb5 Kd7
15. d4 a6 16. dxe5 dxe5 17. Bxf4 axb5 18. Rd1+ Bd6 19. Bxe5 Re8 20. Ne6 Nxe6
21. Bxd6 cxd6 22. fxe6+ Rxe6+ 23. Kf2 Rxa2 24. Rb1 Re5 25. Kg1 Rc5 26. Rf2 Rc6
27. Re2 Nd5 28. Rf2 Nf6 29. Re2 Rc7 30. c3 Rxc3 31. bxc3 Rxe2 32. Rxb5 Re7 0-1

[Event "22OPENSETTIMANALE"]
[Site "?"]
[Date "2019.12.05"]
[Round "6"]
[White "VANZAN, ALESSANDRO."]
[Black "CIARLA, MARIO."]
[Result "0-1"]
[WhiteElo "1572"]
[BlackElo "1713"]
[PlyCount "84"]
[SourceDate "2019.11.19"]

1. c4 f5 2. e3 Nf6 3. Nc3 e5 4. d4 e4 5. Nge2 g6 6. g3 Bg7 7. Bg2 O-O 8. O-O d6
9. Qb3 c5 10. Rd1 Nbd7 11. Nb5 Qe7 12. Nc7 Rb8 13. Nd5 Nxd5 14. cxd5 b5 15. Qa3
a6 16. Qa5 Bb7 17. Nf4 Rfc8 18. Ne6 Nf8 19. Nxg7 Kxg7 20. dxc5 Rxc5 21. b4 Rc2
22. Qa3 Rbc8 23. Bb2+ Kg8 24. Qb3 Qc7 25. Rac1 Qc4 26. Qxc4 R8xc4 27. Rb1 Rxb4
28. Ba3 Rxb1 29. Rxb1 Bxd5 30. Rd1 Rxa2 31. Bxd6 Bc4 32. Bb4 a5 33. Be7 Bd3 34.
g4 b4 35. gxf5 gxf5 36. Bh3 b3 37. Kh1 b2 38. Rg1+ Ng6 39. Bxf5 Kg7 40. f3 Ra1
41. fxe4 Rxg1+ 42. Kxg1 b1=Q+ 0-1

[Event "22OPENSETTIMANALE"]
[Site "?"]
[Date "2019.12.19"]
[Round "7"]
[White "CASTELFRANCHI, CARLO."]
[Black "PALA, GIORGIO."]
[Result "1/2-1/2"]
[WhiteElo "1978"]
[BlackElo "2069"]
[PlyCount "138"]
[SourceDate "2019.11.19"]

1. e4 c5 2. Nf3 g6 3. d4 cxd4 4. c3 Nf6 5. e5 Nd5 6. Bc4 Nb6 7. Bb3 Bg7 8. Ng5
O-O 9. cxd4 d5 10. Nc3 f6 11. exf6 exf6 12. Nf3 Nc6 13. O-O Bg4 14. Be3 Na5 15.
h3 Nxb3 16. axb3 Bf5 17. g4 Be6 18. Qd2 Qd7 19. Ne1 f5 20. f3 fxg4 21. hxg4 Qe7
22. Nd3 Nd7 23. Nf4 Nb6 24. Nb5 Bd7 25. Nc7 Rac8 26. Ncxd5 Nxd5 27. Nxd5 Qd6
28. Nf4 Rce8 29. Ng2 Bc6 30. d5 Qxd5 31. Qxd5+ Bxd5 32. Bxa7 Bxf3 33. Ra4 Bc6
34. Rxf8+ Rxf8 35. Rc4 Rd8 36. Rc2 Rd3 37. Nf4 Rg3+ 38. Kh2 Rxg4 39. Ne6 Be5+
40. Kh3 Rg3+ 41. Kh4 Rxb3 42. Nd4 Rb4 43. Rd2 Rc4 44. Kg5 Bd7 45. b3 Rc1 46.
Nf3 h6+ 47. Kxg6 Rc6+ 48. Kh5 Be8+ 49. Kg4 Bc3 50. Rd8 Kf7 51. Bd4 Ke7 52. Rb8
Bd7+ 53. Kh5 Bxd4 54. Nxd4 Rb6 55. Rh8 Be8+ 56. Kg4 Rb4 57. Rh7+ Kd8 58. Kf5
Rxd4 59. Rxb7 h5 60. Ke5 Rd1 61. b4 Rg1 62. Kd5 Rg5+ 63. Kd6 Rg6+ 64. Kc5 Rh6
65. b5 h4 66. Rb8+ Kd7 67. b6 Rh5+ 68. Kb4 h3 69. Rxe8 Kc6 1/2-1/2

[Event "22OPENSETTIMANALE"]
[Site "?"]
[Date "2019.12.19"]
[Round "7"]
[White "PASTORE, COSMAS."]
[Black "BONAPOSTA, FABRIZIO."]
[Result "0-1"]
[WhiteElo "1907"]
[BlackElo "2061"]
[PlyCount "132"]
[SourceDate "2019.11.19"]

1. e4 c5 2. c3 g6 3. Nf3 Bg7 4. Bc4 e6 5. O-O Ne7 6. d3 Nbc6 7. a4 O-O 8. Be3
d5 9. Ba2 b6 10. Na3 Bb7 11. exd5 Nxd5 12. Qd2 Nxe3 13. Qxe3 Qf6 14. Qg5 Rad8
15. Qxf6 Bxf6 16. Rad1 Rd7 17. Bc4 a6 18. Bb3 Na5 19. Bc2 Rfd8 20. Nc4 Nxc4 21.
dxc4 Bc6 22. Rxd7 Rxd7 23. Rd1 Rxd1+ 24. Bxd1 Be4 25. Ne1 Bg5 26. Nf3 Bc1 27.
b3 Bb2 28. Ne5 Bxc3 29. Nd7 a5 30. Nxb6 Bd3 31. Nc8 Kf8 32. Na7 Ke8 33. Nb5 Bd2
34. Na3 Kd7 35. Bc2 Be2 36. Be4 f5 37. Bc2 e5 38. Nb1 Bh6 39. Nc3 Bh5 40. Nd5
Ke6 41. f3 e4 42. fxe4 fxe4 43. Bxe4 Bd1 44. Kf2 Bxb3 45. Nb6 Ke5 46. Bd5 Bd2
47. Bg8 h6 48. Bh7 g5 49. Ke2 Bc3 50. Kd3 Bd4 51. Bg8 Kd6 52. Nd5 Bxa4 53. Bf7
Bd7 54. Bg6 a4 55. Kc2 Ke5 56. Kb1 Bg1 57. h3 Kd4 58. Nb6 Bc6 59. g3 Bf2 60. g4
Bg2 61. Nxa4 Kxc4 62. Nb6+ Kb5 63. Nc8 Bxh3 64. Nd6+ Kb4 65. Nf7 Bxg4 66. Nxh6
Be6 0-1

[Event "22OPENSETTIMANALE"]
[Site "?"]
[Date "2019.12.19"]
[Round "7"]
[White "RENZI, ALESSIO."]
[Black "MARINO, GIOVANNI."]
[Result "0-1"]
[WhiteElo "1739"]
[BlackElo "1958"]
[PlyCount "56"]
[SourceDate "2019.11.19"]

1. e4 c5 2. Nf3 d6 3. d4 cxd4 4. Nxd4 Nf6 5. Nc3 a6 6. h3 e5 7. Nb3 h5 8. Bg5
Be7 9. Be2 Nbd7 10. Qd2 b5 11. f3 b4 12. Nd5 Nxd5 13. Qxd5 Bxg5 14. Qxa8 Bh4+
15. Kd1 O-O 16. Bxa6 Qg5 17. g4 Qe3 18. Be2 Nb6 19. Qa5 Nc4 20. Bxc4 Qxf3+ 21.
Be2 Qxh1+ 22. Kd2 Bg5+ 23. Kd3 Qxh3+ 24. Kc4 Qe3 25. Bd3 Be6+ 26. Kxb4 Rb8+ 27.
Ka3 d5 28. Qc5 Rxb3+ 0-1

[Event "22OPENSETTIMANALE"]
[Site "?"]
[Date "2019.12.19"]
[Round "7"]
[White "ROCCHI, FEDERICO."]
[Black "MARINO, DANILO."]
[Result "1-0"]
[WhiteElo "1893"]
[BlackElo "1909"]
[PlyCount "46"]
[SourceDate "2019.11.19"]

1. c4 b6 2. Nc3 Bb7 3. e4 e6 4. Nge2 c5 5. g3 f5 6. d3 Nf6 7. Bg2 a6 8. O-O
fxe4 9. dxe4 Qc7 10. h3 Nc6 11. Bf4 d6 12. Qd2 O-O-O 13. Rab1 h6 14. Rfc1 g5
15. Be3 Ne5 16. b3 g4 17. hxg4 Nexg4 18. Nf4 Qf7 19. Bh3 Kb8 20. b4 Nxe3 21.
Qxe3 d5 22. Bxe6 d4 23. Qd3 Qc7 1-0

[Event "22OPENSETTIMANALE"]
[Site "?"]
[Date "2019.12.19"]
[Round "7"]
[White "RABITI, ROBERTO."]
[Black "GIANNANDREA, FABIO."]
[Result "0-1"]
[WhiteElo "1393"]
[BlackElo "1438"]
[PlyCount "106"]
[SourceDate "2019.11.19"]

1. c4 e6 2. Nc3 d5 3. cxd5 exd5 4. d4 Nf6 5. Bg5 Be7 6. e3 O-O 7. Bd3 b6 8.
Nge2 Bb7 9. Qc2 Nbd7 10. O-O h6 11. Bxf6 Nxf6 12. Ng3 c5 13. b3 cxd4 14. exd4
Rc8 15. Rab1 Ba3 16. Rbe1 Bb4 17. Nge2 Ne4 18. Bxe4 dxe4 19. Rd1 Re8 20. Qb2
Ba6 21. Rfe1 Bxe2 22. Nxe2 Bxe1 23. Rxe1 Qf6 24. Ng3 Qg6 25. Qb1 e3 26. Qxg6
exf2+ 27. Kxf2 fxg6 28. Ne4 Rc2+ 29. Kf3 Rxa2 30. Nf6+ gxf6 31. Rxe8+ Kf7 32.
Re3 Ra3 33. d5 Ra1 34. Ke2 Ra5 35. d6 Rd5 36. Re7+ Kf8 37. Re6 Re5+ 38. Rxe5
fxe5 39. Ke3 Kf7 40. Ke4 Ke6 41. d7 Kxd7 42. Kxe5 a5 43. Kd5 Kc7 44. h4 b5 45.
Kc5 a4 46. bxa4 bxa4 47. Kb4 a3 48. Kxa3 Kd6 49. Kb3 Ke5 50. Kc3 Kf4 51. Kd4 g5
52. h5 g4 53. g3+ Kxg3 0-1

[Event "22OPENSETTIMANALE"]
[Site "?"]
[Date "2019.12.19"]
[Round "7"]
[White "ROBERTI, BRUNO."]
[Black "COSTANTINI, CLAUDIO."]
[Result "1/2-1/2"]
[WhiteElo "1889"]
[BlackElo "1440"]
[PlyCount "58"]
[SourceDate "2019.11.19"]

1. Nf3 d5 2. c4 e6 3. g3 Nf6 4. Bg2 Nbd7 5. O-O c5 6. cxd5 exd5 7. d4 Be7 8.
Nc3 Nb6 9. Bg5 c4 10. Qc2 O-O 11. Rad1 Be6 12. Ne5 h6 13. Bxf6 Bxf6 14. f4 Bxe5
15. dxe5 Re8 16. f5 Bd7 17. e6 fxe6 18. f6 Rf8 19. fxg7 Rxf1+ 20. Rxf1 Kxg7 21.
Qd2 Qg5 22. Qd4+ e5 23. Qf2 Be6 24. h4 Qe7 25. Qe3 Bg8 26. Qf3 Rf8 27. Qg4+ Kh8
28. Rxf8 Qxf8 29. Qh5 Qf6 1/2-1/2

[Event "22OPENSETTIMANALE"]
[Site "?"]
[Date "2019.12.19"]
[Round "7"]
[White "AGOSTINI, MAURIZIO."]
[Black "LUIGI, RINALDO."]
[Result "0-1"]
[WhiteElo "1746"]
[BlackElo "1771"]
[PlyCount "46"]
[SourceDate "2019.11.19"]

1. d4 d5 2. c4 dxc4 3. Nf3 Nf6 4. e3 Bg4 5. Bxc4 e6 6. Nbd2 Nbd7 7. O-O c5 8.
b3 cxd4 9. exd4 Be7 10. Bb2 O-O 11. Qe1 h6 12. Ne5 Bf5 13. Ndf3 Nb6 14. Be2
Nbd5 15. Nh4 Bb4 16. Qd1 Nc3 17. Bxc3 Bxc3 18. Rc1 Bxd4 19. Nd3 Be4 20. Nf3 Bb6
21. Nfe5 Qd5 22. g3 Rfd8 23. Rc3 Bd4 0-1

[Event "22OPENSETTIMANALE"]
[Site "?"]
[Date "2019.12.19"]
[Round "7"]
[White "RACCAH, ASCER."]
[Black "NASCA, ANDREA."]
[Result "1-0"]
[WhiteElo "1549"]
[BlackElo "1582"]
[PlyCount "95"]
[SourceDate "2019.11.19"]

1. e4 Nf6 2. e5 Nd5 3. Nf3 d6 4. c4 Nb6 5. d4 Nc6 6. Be2 dxe5 7. d5 e4 8. Nbd2
Nd4 9. Nxe4 Nxe2 10. Qxe2 e5 11. O-O Be7 12. b3 O-O 13. Bb2 f5 14. Ned2 e4 15.
Ne1 Bf6 16. Bxf6 Qxf6 17. Nc2 Bd7 18. Qe3 Rae8 19. Qd4 Qh6 20. c5 Nc8 21. Rfe1
Ne7 22. a4 Kh8 23. Nc4 Rd8 24. Re3 Bc8 25. Nb4 Nxd5 26. Nxd5 c6 27. Nd6 cxd5
28. Qxd5 Qe6 29. Qxe6 Bxe6 30. Nxb7 Rb8 31. Na5 Rb4 32. c6 f4 33. Rc3 Rc8 34.
c7 Rd4 35. Rac1 Rd7 36. Kf1 Kg8 37. Ke1 Kf7 38. b4 Ke7 39. b5 Bd5 40. Nc6+ Bxc6
41. Rxc6 Rd6 42. a5 Kd7 43. Rxd6+ Kxd6 44. b6 axb6 45. axb6 Kd7 46. b7 Rxc7 47.
b8=Q Rxc1+ 48. Kd2 1-0

[Event "22OPENSETTIMANALE"]
[Site "?"]
[Date "2019.12.19"]
[Round "7"]
[White "MARTINO, MAURIZIO."]
[Black "GIUSEPPONI, FERRUCCIO."]
[Result "1/2-1/2"]
[WhiteElo "1317"]
[BlackElo "1413"]
[PlyCount "39"]
[SourceDate "2019.11.19"]

1. c4 e5 2. Nc3 Nc6 3. e4 Nf6 4. d3 d6 5. g3 Be7 6. Bg2 Be6 7. Nge2 O-O 8. O-O
a6 9. a4 Qd7 10. Re1 Ne8 11. f4 f5 12. exf5 Bxf5 13. Nd5 Bf6 14. Nec3 Bg4 15.
Bf3 Bxf3 16. Qxf3 Rb8 17. Nxf6+ Nxf6 18. Nd5 Nxd5 19. Qxd5+ Kh8 20. fxe5
1/2-1/2

[Event "22OPENSETTIMANALE"]
[Site "?"]
[Date "2019.12.19"]
[Round "7"]
[White "GENSABELLA, PAOLO."]
[Black "DE CATALDO, ANTONIO."]
[Result "1-0"]
[WhiteElo "1739"]
[BlackElo "1229"]
[PlyCount "101"]
[SourceDate "2019.11.19"]

1. d4 d5 2. Nf3 Nc6 3. Bf4 Bf5 4. c3 e6 5. e3 Nf6 6. Bb5 Bd6 7. Ne5 Bxe5 8.
Bxe5 O-O 9. Bf4 Qe7 10. O-O e5 11. dxe5 Nxe5 12. Qd4 Ng6 13. Bg5 Rfd8 14. Bxf6
Qxf6 15. Qxf6 gxf6 16. Nd2 Ne5 17. Nb3 c6 18. Be2 b6 19. Nd4 Bd7 20. Rad1 Kh8
21. h3 Rac8 22. Rfe1 Rg8 23. Kh2 c5 24. Nf3 Be6 25. a3 Rgd8 26. Rd2 Rd7 27.
Red1 Rcd8 28. Ne1 Kg7 29. g4 Kf8 30. f4 Nc4 31. Bxc4 dxc4 32. Rxd7 Rxd7 33.
Rxd7 Bxd7 34. Kg3 Ke7 35. Kf3 h6 36. e4 Kd6 37. Nc2 Be6 38. Ne3 b5 39. h4 Ke7
40. f5 Bd7 41. Nd5+ Kd6 42. Nxf6 Bc6 43. Kf4 a5 44. e5+ Ke7 45. Ne4 b4 46. Nxc5
bxc3 47. bxc3 a4 48. g5 hxg5+ 49. hxg5 Bb5 50. Ne4 Bd7 51. Nd6 1-0

[Event "22OPENSETTIMANALE"]
[Site "?"]
[Date "2019.12.19"]
[Round "7"]
[White "ABUHAMDIEH, NANDO."]
[Black "DE GUISA , MICHELE."]
[Result "1-0"]
[WhiteElo "1522"]
[BlackElo "1430"]
[PlyCount "115"]
[SourceDate "2019.11.19"]

1. e4 c5 2. Bc4 d6 3. Nf3 Nc6 4. a3 g6 5. c3 Bg7 6. O-O Bd7 7. d4 b6 8. Ng5 e6
9. Bf4 Bf8 10. Nf3 Na5 11. Ba2 c4 12. Nbd2 b5 13. b4 Nb7 14. e5 d5 15. Bb1 Bg7
16. Bg5 Ne7 17. Bc2 a5 18. a4 O-O 19. axb5 Bxb5 20. Ba4 Bxa4 21. Qxa4 Qc7 22.
b5 Nf5 23. Rfb1 Qb6 24. g4 Nh6 25. h3 f6 26. exf6 Rxf6 27. Bxf6 Bxf6 28. g5 Bg7
29. gxh6 Bxh6 30. Qc2 Nd6 31. Ne5 Ra7 32. Ndf3 Kg7 33. Kh1 Ne4 34. h4 Kg8 35.
Nc6 Rf7 36. Kg2 g5 37. Rxa5 g4 38. Ra8+ Kg7 39. Nce5 gxf3+ 40. Nxf3 Rf4 41. Kh1
Rxf3 42. Rg1+ Kf7 43. Rg2 Rxc3 44. Qe2 Rc1+ 45. Kh2 Qd6+ 46. Rg3 Nxg3 47. fxg3
Rc3 48. Qh5+ Kg7 49. Ra7+ Kh8 50. Ra8+ Bf8 51. Qg4 Qe7 52. Qf4 Kg8 53. b6 Rb3
54. Ra7 Qe8 55. Qc7 Qg6 56. Ra2 Qb1 57. Rf2 Rb2 58. Qf7+ 1-0

[Event "22OPENSETTIMANALE"]
[Site "?"]
[Date "2019.12.19"]
[Round "7"]
[White "DURANTINI, FRANCESCO."]
[Black "ARCERI, PAOLO."]
[Result "0-1"]
[WhiteElo "1499"]
[BlackElo "1554"]
[PlyCount "94"]
[SourceDate "2019.11.19"]

1. e4 c6 2. d4 d5 3. Nc3 dxe4 4. Nxe4 Bf5 5. Ng3 Bg6 6. Nf3 Nd7 7. Be2 Ngf6 8.
Nh4 Qc7 9. Be3 e6 10. Qd2 Qb6 11. b3 Nd5 12. Nxg6 Bb4 13. Nxh8 Bxd2+ 14. Bxd2
Nb4 15. O-O Nxc2 16. Rad1 Nxd4 17. Be3 Nxe2+ 18. Nxe2 Qa6 19. Rd2 Ke7 20. Nxf7
h6 21. Nxh6 gxh6 22. Bxh6 Qb5 23. h4 Rg8 24. Bg5+ Ke8 25. Rfd1 Rg7 26. Nf4 Qf5
27. Rd6 e5 28. Re6+ Kf8 29. Rxd7 Qb1+ 30. Kh2 Rxd7 31. Rxe5 Rf7 32. Bh6+ Kg8
33. g4 Qb2 34. Rg5+ Kh7 35. Nd3 Qd4 36. Rh5 Qxd3 37. Be3+ Kg8 38. Bxa7 Rg7 39.
g5 Qf3 40. Rh6 Qf4+ 41. Kh3 Qf5+ 42. Kg2 Rh7 43. Rf6 Qd5+ 44. Kh3 Qe4 45. f4
Qf3+ 46. Kh2 Rxh4+ 47. Kg1 Rh1# 0-1